000 00653nam a2200229Ia 4500
005 20240103095413.0
008 131103s9999 xx 000 0 und d
020 _a0 89581 561 3
_cRs.125
040 _aLoreto College
041 _aEnglish
082 _a891.09
_bWIN
100 _aWinternitz,Maurice
245 2 _aA History of Indian Literature,
_cMaurice Winternitz
250 _aTranslated by V.Srinivasa Sarma and Subhadra Jha
260 _aDelhi
_bMotilal Banarsidass
_c1983
300 _aV.2
504 _aIncludes index
650 _aIndian Literature - History
700 _aSarma,V.Srinivasa,tr.
850 _aLCLIB
942 _cBK
999 _c23971
_d74450